000 00205 a2200097 4500
001 2984
100 _a
245 _aH/B of library training practicel vol2
260 _a
_bGower p
_c
090 _c2272
_d2272
942 _aNUST-CAE
_cM
_c14136
999 _c238057
_d238057